000 00712nam a2200253Ia 4500
003 OSt
005 20220918212231.0
006 a|||||r|||| 00| 0
007 ta
008 220917b |||||||| |||| 00| 0 eng d
024 _a127,889
037 _cTextual
040 _aARTS
_cARTS
_beng
041 _2eng
_aeng
082 _aX.55.N6z7, 113L7
100 _aVan Houtte Jan A
_9123017
245 0 _aEssays on medieval and early modern economy and society
260 _aNA
_bLeuven University Press
_c1977
300 _a309p. illus
_ccm.
490 _aSymbola series; A 5
650 _aECONOMICS
942 _hX.55.N6z7, 113L7
_cTEXL
_2CC
999 _c251031
_d251031